| 000 | 00583nam a2200217 i 4500 | ||
|---|---|---|---|
| 001 | bg | ||
| 100 | 1 | _aPIOTROWSKI, Jacek. | |
| 245 | 1 | 0 |
_aPrzewodnik po sieciach rozległych : _b[Internet, Bitnet, X. / _cJacek Piotrowski _n5, Decnet]. |
| 260 |
_aGliwice : _bHelion, _ccop. 1993. |
||
| 300 |
_a96 s. : _brys. ; _c24 cm. |
||
| 504 | _aIndeks. | ||
| 650 | 9 | _aSieć komputerowa | |
| 655 | _aPodręczniki | ||
| 020 | _a8385701184 | ||
| 040 | _cBPK | ||
| 041 | 0 | _apl | |
| 080 | _a004.73(07) | ||
| 920 | _a83-85701-18-4 | ||
| 942 | _cKS | ||
| 008 | s pl f |000 0 pol | ||
| 999 |
_c33389 _d33389 |
||
| 856 |
_uhttp://koha.tu.koszalin.pl/cgi-bin/koha/opac-detail.pl?biblionumber=33389 _yKatalog online BPK |
||